[Event "37th Reykjavik op"]
[Site "Reykjavik ISL"]
[Date "2024.03.18"]
[Round "6.42"]
[White "Prado Serrano, Alexandra"]
[Black "Schilling, Patrick T"]
[WhiteElo "1877"]
[BlackElo "1633"]
[Result "1-0"]
[EventDate "2024.03.15"]
[PlyCount "96"]

1. e4 { [%eval 0.13] [%clk 1:22:38] } 1... c5 { [%eval 0.33] [%clk 1:30:53] } 2. Nc3 { [%eval 0.24] [%clk 1:22:52] } 2... Nc6 { [%eval 0.41] [%clk 1:31:14] } 3. f4?! { [%eval -0.21] } { Inaccuracy. Nf3 was best. } { [%clk 1:22:28] } (3. Nf3 e5 4. Bc4 Be7 5. d3 Nf6 6. Nd2 d6 7. Nf1 Bg4) 3... g6 { [%eval 0.0] [%clk 1:31:32] } 4. Nf3 { [%eval -0.23] [%clk 1:22:52] } 4... Bg7 { [%eval -0.11] [%clk 1:31:55] } 5. Bc4 { [%eval -0.23] [%clk 1:23:16] } 5... e6 { [%eval -0.21] [%clk 1:32:11] } 6. f5?! { [%eval -0.81] } { Inaccuracy. d3 was best. } { [%clk 1:20:46] } (6. d3 Nge7 7. Bb3 d5 8. O-O O-O 9. e5 Nf5 10. Ne2 b5) 6... exf5 { [%eval -0.35] [%clk 1:32:31] } 7. exf5 { [%eval -0.66] [%clk 1:21:02] } 7... Nge7 { [%eval -0.14] [%clk 1:32:50] } 8. fxg6? { [%eval -1.57] } { Mistake. f6 was best. } { [%clk 1:17:25] } (8. f6 Bxf6 9. Ne4 Nf5 10. Nxf6+ Qxf6 11. O-O O-O 12. d3 Qg7) 8... hxg6 { [%eval -1.55] [%clk 1:30:11] } 9. d3 { [%eval -1.6] [%clk 1:16:50] } 9... d5 { [%eval -1.55] [%clk 1:29:54] } 10. Bb3?! { [%eval -2.49] } { Inaccuracy. Bb5 was best. } { [%clk 1:15:47] } (10. Bb5 Bg4 11. Bxc6+ bxc6 12. Qe2 O-O 13. Qf2 Nf5 14. O-O Qb6 15. Na4 Qb5 16. Nc3 Qb7) 10... O-O? { [%eval -0.72] } { Mistake. Bg4 was best. } { [%clk 1:28:32] } (10... Bg4 11. Bf4 b5 12. O-O c4 13. Nxb5 Qb6+ 14. Kh1 Qxb5 15. dxc4 dxc4 16. Qe2 O-O 17. Bxc4) 11. O-O { [%eval -0.65] [%clk 1:15:56] } 11... Nd4 { [%eval -0.37] [%clk 1:28:48] } 12. h3? { [%eval -1.55] } { Mistake. Nxd4 was best. } { [%clk 1:11:01] } (12. Nxd4 cxd4 13. Ne2 a5 14. a4 Nf5 15. Nf4 Ra6 16. Qf3 Rd6 17. Bd2 Ne3 18. Bxe3 dxe3) 12... Re8? { [%eval -0.28] } { Mistake. b5 was best. } { [%clk 1:21:55] } (12... b5 13. Nxd4 Bxd4+ 14. Kh1 Nf5 15. Bxd5 Ng3+ 16. Kh2 Nxf1+ 17. Qxf1 Rb8 18. Bh6 Bg7 19. Qf4) 13. Bg5 { [%eval -0.28] [%clk 1:10:14] } 13... Be6?! { [%eval 0.3] } { Inaccuracy. f6 was best. } { [%clk 1:21:44] } (13... f6) 14. Re1?? { [%eval -1.78] } { Blunder. Nxd4 was best. } { [%clk 0:59:37] } (14. Nxd4) 14... Qd6 { [%eval -1.82] [%clk 1:18:24] } 15. Nxd4 { [%eval -1.89] [%clk 0:49:51] } 15... cxd4? { [%eval -0.27] } { Mistake. Bxd4+ was best. } { [%clk 1:18:37] } (15... Bxd4+ 16. Be3 Bxe3+ 17. Rxe3 Nf5 18. Re1 a6 19. a4 c4 20. dxc4 Qc5+ 21. Kh1 dxc4 22. Ba2) 16. Bxe7?? { [%eval -2.62] } { Blunder. Ne2 was best. } { [%clk 0:42:45] } (16. Ne2 Nf5) 16... Rxe7 { [%eval -2.56] [%clk 1:17:41] } 17. Nxd5?! { [%eval -3.59] } { Inaccuracy. Nb1 was best. } { [%clk 0:41:17] } (17. Nb1 Rae8 18. Nd2 Bxh3 19. Rxe7 Rxe7 20. Qf3 Be6 21. Qf2 Bh6 22. Nf1 Bd7 23. Re1 Rxe1) 17... Bxd5 { [%eval -3.65] [%clk 1:17:35] } 18. Rxe7 { [%eval -3.48] [%clk 0:38:49] } 18... Bxb3 { [%eval -3.57] [%clk 1:17:55] } 19. Qe2 { [%eval -3.83] [%clk 0:26:21] } 19... Bd5 { [%eval -3.73] [%clk 1:16:31] } 20. Re1 { [%eval -3.79] [%clk 0:25:07] } 20... Bc6 { [%eval -3.82] [%clk 1:14:57] } 21. Rf1 { [%eval -3.88] [%clk 0:25:04] } 21... Rf8 { [%eval -3.95] [%clk 1:14:26] } 22. Qe1 { [%eval -4.04] [%clk 0:22:03] } 22... Qd5 { [%eval -3.24] [%clk 1:12:28] } 23. Qe2?! { [%eval -4.22] } { Inaccuracy. Qg3 was best. } { [%clk 0:20:12] } (23. Qg3 Qxa2 24. Qf4 a5 25. h4 a4 26. Rf2 Qd5 27. Qg5 Qd8 28. h5 Qd5 29. Qxd5 Bxd5) 23... Qxa2 { [%eval -3.67] [%clk 1:09:21] } 24. b3 { [%eval -4.22] [%clk 0:20:08] } 24... Qa5 { [%eval -4.0] [%clk 1:08:13] } 25. h4 { [%eval -3.9] [%clk 0:17:22] } 25... Qd5 { [%eval -3.87] [%clk 1:07:53] } 26. b4 { [%eval -3.95] [%clk 0:17:05] } 26... a6 { [%eval -4.19] [%clk 1:07:42] } 27. Qg4 { [%eval -4.19] [%clk 0:16:31] } 27... Qd6 { [%eval -4.07] [%clk 1:03:59] } 28. Rfe1 { [%eval -4.16] [%clk 0:16:13] } 28... Qxb4 { [%eval -4.05] [%clk 0:57:23] } 29. h5 { [%eval -4.27] [%clk 0:15:17] } 29... Qd6 { [%eval -3.41] [%clk 0:55:14] } 30. hxg6?! { [%eval -4.61] } { Inaccuracy. R1e6 was best. } { [%clk 0:15:13] } (30. R1e6 Qxe6 31. Rxe6 gxh5 32. Qe2 fxe6 33. Qxe6+ Kh7 34. Qh3 Kg6 35. g4 hxg4 36. Qxg4+ Kf7) 30... Qxg6 { [%eval -4.32] [%clk 0:55:29] } 31. Qh3 { [%eval -4.31] [%clk 0:11:17] } 31... Bh6 { [%eval -4.48] [%clk 0:53:24] } 32. R7e5 { [%eval -4.71] [%clk 0:09:38] } 32... Be3+?? { [%eval -1.35] } { Blunder. Kg7 was best. } { [%clk 0:48:57] } (32... Kg7 33. R5e4 Bxe4 34. Rxe4 Be3+ 35. Rxe3 dxe3 36. Qxe3 f6 37. d4 Qf5 38. Qa3 Qg5) 33. Kh1?? { [%eval -4.9] } { Blunder. R1xe3 was best. } { [%clk 0:09:40] } (33. R1xe3) 33... Re8 { [%eval -4.57] [%clk 0:45:35] } 34. Rh5 { [%eval -4.81] [%clk 0:08:48] } 34... Kg7 { [%eval -4.77] [%clk 0:43:22] } 35. Rf1 { [%eval -4.72] [%clk 0:07:39] } 35... Qxh5?? { [%eval 2.49] } { Blunder. f6 was best. } { [%clk 0:43:03] } (35... f6 36. Re1 Qxh5 37. Qxh5 Rh8 38. Qxh8+ Kxh8 39. Kh2 a5 40. c4 Kg7 41. Ra1 a4 42. Kg3) 36. Qxh5 { [%eval 2.46] [%clk 0:07:38] } 36... Rh8? { [%eval 4.37] } { Mistake. f6 was best. } { [%clk 0:42:47] } (36... f6 37. Qg4+ Bg5 38. Qxd4 Kg6 39. Qf2 a5 40. d4 Be4 41. Qg3 a4 42. Re1 f5 43. Rb1) 37. Rxf7+ { [%eval 4.33] [%clk 0:07:51] } 37... Kg8 { [%eval 4.17] [%clk 0:42:43] } 38. Rf8+ { [%eval 4.04] [%clk 0:08:12] } 38... Kxf8 { [%eval 4.02] [%clk 0:43:03] } 39. Qxh8+ { [%eval 4.37] [%clk 0:08:36] } 39... Kf7 { [%eval 4.42] [%clk 0:43:15] } 40. Kh2 { [%eval 4.31] [%clk 0:08:37] } 40... a5 { [%eval 4.37] [%clk 0:43:25] } 41. Qh5+ { [%eval 4.33] [%clk 0:07:25] } 41... Kf6 { [%eval 4.55] [%clk 0:43:26] } 42. Qxa5 { [%eval 4.52] [%clk 0:07:38] } 42... Bf4+ { [%eval 4.5] [%clk 0:41:53] } 43. Kg1 { [%eval 4.41] [%clk 0:03:38] } 43... Be5 { [%eval 4.76] [%clk 0:42:03] } 44. g4 { [%eval 4.83] [%clk 0:29:18] } 44... Ke6 { [%eval 4.78] [%clk 1:11:53] } 45. Kf2 { [%eval 4.78] [%clk 0:28:05] } 45... Kd6 { [%eval 4.81] [%clk 1:11:14] } 46. Qb4+ { [%eval 4.51] [%clk 0:28:10] } 46... Ke6 { [%eval 4.84] [%clk 1:11:28] } 47. Qc5 { [%eval 4.64] [%clk 0:28:28] } 47... Bd5 { [%eval 5.04] [%clk 1:11:20] } 48. Qc8+ { [%eval 4.75] [%clk 0:27:44] } 48... Kf6?! { [%eval 7.12] } { Inaccuracy. Ke7 was best. } { [%clk 1:11:27] } (48... Ke7 49. Qf5 Kd6 50. g5 Be6 51. Qf8+ Kd7 52. g6 Bd6 53. Qf3 b6 54. Qb7+ Bc7 55. g7) 1-0

[Event "37th Reykjavik op"]
[Site "Reykjavik ISL"]
[Date "2024.03.18"]
[Round "6.43"]
[White "Scotti, Martin"]
[Black "Salimova, Nurgyul"]
[WhiteElo "1885"]
[BlackElo "2426"]
[Result "0-1"]
[EventDate "2024.03.15"]
[PlyCount "70"]

1. d4 { [%eval 0.15] [%clk 1:30:45] } 1... Nf6 { [%eval 0.16] [%clk 1:27:48] } 2. c4 { [%eval 0.16] [%clk 1:31:11] } 2... e6 { [%eval 0.21] [%clk 1:27:57] } 3. Nc3 { [%eval 0.08] [%clk 1:31:36] } 3... Bb4 { [%eval 0.12] [%clk 1:27:00] } 4. e3 { [%eval 0.0] [%clk 1:32:01] } 4... O-O { [%eval 0.21] [%clk 1:27:11] } 5. Bd3 { [%eval 0.04] [%clk 1:32:26] } 5... d5 { [%eval 0.12] [%clk 1:27:06] } 6. Nf3 { [%eval 0.0] [%clk 1:32:49] } 6... dxc4 { [%eval 0.0] [%clk 1:25:28] } 7. Bxc4 { [%eval 0.0] [%clk 1:33:13] } 7... c5 { [%eval 0.05] [%clk 1:25:35] } 8. O-O { [%eval 0.16] [%clk 1:33:30] } 8... Nbd7 { [%eval 0.32] [%clk 1:25:00] } 9. Qe2 { [%eval 0.17] [%clk 1:30:27] } 9... a6 { [%eval 0.2] [%clk 1:11:35] } 10. a4 { [%eval 0.21] [%clk 1:25:50] } 10... Qe7 { [%eval 0.5] [%clk 1:07:58] } 11. Na2 { [%eval 0.58] [%clk 1:20:16] } 11... Ba5 { [%eval 0.44] [%clk 0:57:22] } 12. dxc5 { [%eval 0.42] [%clk 1:18:42] } 12... Bc7 { [%eval 0.45] [%clk 0:57:46] } 13. c6?! { [%eval -0.16] } { Inaccuracy. b4 was best. } { [%clk 1:07:42] } (13. b4 a5) 13... bxc6 { [%eval -0.16] [%clk 0:55:49] } 14. b3 { [%eval -0.23] [%clk 1:06:08] } 14... Nb6 { [%eval 0.2] [%clk 0:54:04] } 15. Nc3 { [%eval -0.14] [%clk 1:00:55] } 15... Bd6 { [%eval 0.14] [%clk 0:51:47] } 16. h3?! { [%eval -0.5] } { Inaccuracy. Nd2 was best. } { [%clk 0:51:45] } (16. Nd2 a5) 16... Nxc4 { [%eval -0.26] [%clk 0:50:08] } 17. bxc4 { [%eval -0.47] [%clk 0:48:44] } 17... e5 { [%eval -0.44] [%clk 0:46:51] } 18. e4 { [%eval -0.46] [%clk 0:48:54] } 18... a5 { [%eval -0.42] [%clk 0:45:24] } 19. Rd1 { [%eval -0.6] [%clk 0:47:00] } 19... Bb4 { [%eval -0.21] [%clk 0:43:55] } 20. Bb2?! { [%eval -0.77] } { Inaccuracy. Na2 was best. } { [%clk 0:47:10] } (20. Na2) 20... Nh5 { [%eval -0.64] [%clk 0:42:21] } 21. Qc2 { [%eval -0.66] [%clk 0:45:45] } 21... f6 { [%eval -0.48] [%clk 0:41:56] } 22. Ne2 { [%eval -0.39] [%clk 0:45:35] } 22... Be6 { [%eval -0.14] [%clk 0:40:13] } 23. Rac1 { [%eval -0.44] [%clk 0:44:01] } 23... Qf7 { [%eval -0.07] [%clk 0:39:57] } 24. Kf1?! { [%eval -0.93] } { Inaccuracy. g4 was best. } { [%clk 0:36:08] } (24. g4 Rad8) 24... Rad8 { [%eval -1.0] [%clk 0:39:31] } 25. Rxd8 { [%eval -1.15] [%clk 0:35:29] } 25... Rxd8 { [%eval -1.04] [%clk 0:39:54] } 26. g4?! { [%eval -1.83] } { Inaccuracy. Bc3 was best. } { [%clk 0:32:21] } (26. Bc3 c5 27. Bxb4 axb4 28. Nd2 Qd7 29. Ke1 Nf4 30. Nxf4 exf4 31. a5 Qc7 32. Nb3 f3) 26... Qd7 { [%eval -1.78] [%clk 0:36:09] } 27. Bc3 { [%eval -1.54] [%clk 0:25:41] } 27... Nf4 { [%eval -1.92] [%clk 0:33:06] } 28. Nxf4 { [%eval -1.77] [%clk 0:23:59] } 28... exf4 { [%eval -1.99] [%clk 0:33:30] } 29. Bxb4 { [%eval -1.94] [%clk 0:23:36] } 29... axb4 { [%eval -1.81] [%clk 0:33:52] } 30. Ke2? { [%eval -3.36] } { Mistake. e5 was best. } { [%clk 0:19:20] } (30. e5 c5) 30... c5?! { [%eval -2.4] } { Inaccuracy. h5 was best. } { [%clk 0:30:02] } (30... h5 31. gxh5 Bxh3 32. Qd2 Bg4 33. Qxd7 Rxd7 34. Rg1 Bxh5 35. Rh1 Bg4 36. Rh4 f5 37. exf5) 31. Nd2? { [%eval -4.18] } { Mistake. a5 was best. } { [%clk 0:15:39] } (31. a5 Qe8 32. Nd2 f5 33. gxf5 Bxf5 34. Rd1 h6 35. Nb3 f3+ 36. Ke1 Ra8 37. Nxc5 Rxa5) 31... h5 { [%eval -3.87] [%clk 0:28:45] } 32. gxh5 { [%eval -4.42] [%clk 0:11:13] } 32... Bxh3 { [%eval -4.24] [%clk 0:28:49] } 33. h6? { [%eval -6.89] } { Mistake. Rd1 was best. } { [%clk 0:11:28] } (33. Rd1 Bg4+ 34. f3 Bxh5 35. Rb1 Qd4 36. Rb3 Be8 37. a5 Ba4 38. Qd3 Qxd3+ 39. Rxd3 Bd1+) 33... Qg4+ { [%eval -6.6] [%clk 0:28:37] } 34. Nf3 { [%eval -6.44] [%clk 0:10:52] } 34... Bg2 { [%eval -6.01] [%clk 0:28:52] } 35. Qb3 { [%clk 0:11:16] } 35... Bxf3+ { [%clk 0:29:15] } 0-1

[Event "37th Reykjavik op"]
[Site "Reykjavik ISL"]
[Date "2024.03.18"]
[Round "6.44"]
[White "Fantinel, Thibault"]
[Black "Baldursson, Rani"]
[WhiteElo "2421"]
[BlackElo "1989"]
[Result "1-0"]
[EventDate "2024.03.15"]
[PlyCount "45"]

1. e4 { [%eval 0.13] [%clk 1:28:16] } 1... c5 { [%eval 0.33] [%clk 1:30:35] } 2. Nc3 { [%eval 0.24] [%clk 1:28:39] } 2... Nc6 { [%eval 0.41] [%clk 1:30:32] } 3. Bb5 { [%eval 0.0] [%clk 1:29:00] } 3... Nd4 { [%eval 0.0] [%clk 1:28:58] } 4. Nf3 { [%eval 0.0] [%clk 1:29:19] } 4... Nxb5 { [%eval 0.0] [%clk 1:23:13] } 5. Nxb5 { [%eval 0.0] [%clk 1:29:43] } 5... Nf6 { [%eval 0.36] [%clk 1:22:57] } 6. e5 { [%eval 0.0] [%clk 1:29:16] } 6... Nd5 { [%eval 0.54] [%clk 1:22:26] } 7. Ng5 { [%eval 0.43] [%clk 1:29:36] } 7... e6?? { [%eval 3.98] } { Blunder. h6 was best. } { [%clk 1:16:00] } (7... h6 8. Nxf7 Kxf7 9. Qf3+ Nf6 10. exf6 exf6 11. Qh5+ Kg8 12. Qd5+) 8. Ne4 { [%eval 2.68] [%clk 1:28:47] } 8... Qh4?! { [%eval 3.46] } { Inaccuracy. h5 was best. } { [%clk 1:07:03] } (8... h5 9. O-O Be7 10. c4 Nb4 11. d4 cxd4 12. Qf3 f5 13. exf6 gxf6 14. Nbd6+ Kf8 15. Qg3) 9. Qf3?! { [%eval 2.58] } { Inaccuracy. d3 was best. } { [%clk 1:24:24] } (9. d3 h6 10. Qf3 Kd8 11. c4 f5 12. Ned6 Bxd6 13. Nxd6 Nb4 14. Nf7+ Kc7 15. Nxh8 Nc2+) 9... f5 { [%eval 2.55] [%clk 0:57:50] } 10. exf6 { [%eval 2.64] [%clk 1:22:55] } 10... gxf6 { [%eval 3.24] [%clk 0:57:47] } 11. c4?! { [%eval 2.49] } { Inaccuracy. g3 was best. } { [%clk 1:22:26] } (11. g3 Qh6 12. d4 Qg6 13. dxc5 Be7 14. Nbd6+ Kf8 15. Bd2 Bxd6 16. Nxd6 Qxc2 17. Be3 Kg7) 11... Nb4 { [%eval 2.33] [%clk 0:52:35] } 12. g3 { [%eval 2.77] [%clk 1:22:19] } 12... Qh6 { [%eval 2.85] [%clk 0:50:45] } 13. d4 { [%eval 2.96] [%clk 1:20:44] } 13... Qg6 { [%eval 3.08] [%clk 0:50:07] } 14. O-O { [%eval 3.06] [%clk 1:20:50] } 14... Na6? { [%eval 5.19] } { Mistake. Be7 was best. } { [%clk 0:49:51] } (14... Be7 15. Nbd6+ Kf8 16. dxc5 Nc2 17. Rb1 Nd4 18. Qd1 Nf5 19. b4 Bxd6 20. Nxd6 Nxd6 21. Qxd6+) 15. dxc5 { [%eval 4.53] [%clk 1:18:56] } 15... h5 { [%eval 5.49] [%clk 0:48:19] } 16. h4 { [%eval 4.38] [%clk 1:16:15] } 16... Be7 { [%eval 4.26] [%clk 0:46:08] } 17. Ned6+ { [%eval 4.21] [%clk 1:12:29] } 17... Bxd6 { [%eval 5.2] [%clk 0:44:29] } 18. Nxd6+ { [%eval 5.26] [%clk 1:12:56] } 18... Ke7 { [%eval 5.36] [%clk 0:44:26] } 19. Be3?! { [%eval 4.1] } { Inaccuracy. Qa3 was best. } { [%clk 1:13:22] } (19. Qa3 e5 20. Bd2 Kf8 21. c6 dxc6 22. Nxc8+ c5 23. Nd6 Rd8 24. Nxb7 Rxd2 25. Qxa6 Kg7) 19... Nb4 { [%eval 5.01] [%clk 0:42:34] } 20. Rad1 { [%eval 4.92] [%clk 1:12:21] } 20... Nc6 { [%eval 5.0] [%clk 0:41:39] } 21. Bd4 { [%eval 5.05] [%clk 1:10:23] } 21... Rb8 { [%eval 5.57] [%clk 0:32:17] } 22. Bxf6+ { [%eval 5.28] [%clk 1:09:11] } 22... Qxf6 { [%eval 5.36] [%clk 0:31:29] } 23. Nxc8+ { [%eval 5.29] [%clk 1:09:29] } 1-0

[Event "37th Reykjavik op"]
[Site "Reykjavik ISL"]
[Date "2024.03.18"]
[Round "6.45"]
[White "Prraneeth, Vuppala"]
[Black "Kazarian, Anna-Maja"]
[WhiteElo "2506"]
[BlackElo "2206"]
[Result "1-0"]
[EventDate "2024.03.15"]
[PlyCount "89"]

1. e4 { [%eval 0.13] [%clk 1:30:38] } 1... e6 { [%eval 0.0] [%clk 1:30:38] } 2. d4 { [%eval 0.41] [%clk 1:30:55] } 2... d5 { [%eval 0.21] [%clk 1:31:04] } 3. e5 { [%eval 0.0] [%clk 1:30:41] } 3... c5 { [%eval 0.32] [%clk 1:31:30] } 4. c3 { [%eval 0.22] [%clk 1:31:02] } 4... Qb6 { [%eval 0.0] [%clk 1:31:05] } 5. Nf3 { [%eval 0.12] [%clk 1:30:34] } 5... Bd7 { [%eval 0.28] [%clk 1:31:26] } 6. Be2 { [%eval 0.41] [%clk 1:30:04] } 6... Bb5 { [%eval 0.0] [%clk 1:30:13] } 7. Bxb5+ { [%eval 0.12] [%clk 1:29:52] } 7... Qxb5 { [%eval 0.45] [%clk 1:30:37] } 8. Na3 { [%eval 0.41] [%clk 1:29:58] } 8... Qa6 { [%eval 0.65] [%clk 1:27:47] } 9. dxc5 { [%eval 0.69] [%clk 1:28:32] } 9... Bxc5 { [%eval 0.7] [%clk 1:27:23] } 10. b4 { [%eval 0.68] [%clk 1:28:34] } 10... Bb6 { [%eval 0.89] [%clk 1:26:04] } 11. c4 { [%eval 0.9] [%clk 1:25:57] } 11... Ne7 { [%eval 0.94] [%clk 1:08:42] } 12. O-O { [%eval 0.92] [%clk 1:10:22] } 12... O-O { [%eval 1.0] [%clk 1:07:23] } 13. c5?! { [%eval 0.14] } { Inaccuracy. Qb3 was best. } { [%clk 1:09:17] } (13. Qb3 Bd8 14. b5 Qb6 15. Be3 Qa5 16. Rfc1 a6 17. Bc5 Re8 18. Bb4 Qb6 19. cxd5 exd5) 13... Bd8?! { [%eval 0.86] } { Inaccuracy. Bc7 was best. } { [%clk 1:06:45] } (13... Bc7 14. Re1 Qc6 15. Bg5 Ng6 16. h4 h6 17. h5 Nxe5 18. Rxe5 hxg5 19. Rxg5 Bf4 20. Qd3) 14. Qb3?! { [%eval 0.04] } { Inaccuracy. Nd4 was best. } { [%clk 0:58:34] } (14. Nd4) 14... b5?! { [%eval 0.8] } { Inaccuracy. Qc6 was best. } { [%clk 1:01:06] } (14... Qc6) 15. Nd4 { [%eval 0.83] [%clk 0:53:31] } 15... Nbc6?! { [%eval 1.53] } { Inaccuracy. Qb7 was best. } { [%clk 0:58:20] } (15... Qb7 16. Naxb5) 16. Naxb5 { [%eval 1.52] [%clk 0:49:32] } 16... Qb7 { [%eval 2.08] [%clk 0:51:01] } 17. Ba3?! { [%eval 1.22] } { Inaccuracy. Bb2 was best. } { [%clk 0:44:03] } (17. Bb2 a5 18. a3 Nxe5 19. Nd6 Qd7 20. Rae1 Ng4 21. b5 Bc7 22. Qg3 Nf6 23. a4 Ne8) 17... Nxe5?! { [%eval 2.0] } { Inaccuracy. Qb8 was best. } { [%clk 0:50:05] } (17... Qb8 18. Nxc6 Nxc6 19. Nd6 Nxe5 20. Rfe1 Ng6 21. b5 Bc7 22. Rac1 h5 23. Bb2 Rd8 24. Qc3) 18. Nd6 { [%eval 2.12] [%clk 0:44:25] } 18... Qc7 { [%eval 2.19] [%clk 0:35:43] } 19. b5?! { [%eval 1.31] } { Inaccuracy. Bb2 was best. } { [%clk 0:44:17] } (19. Bb2) 19... Nc8 { [%eval 1.5] [%clk 0:35:05] } 20. Rac1 { [%eval 1.22] [%clk 0:32:32] } 20... Nxd6?! { [%eval 1.99] } { Inaccuracy. Bf6 was best. } { [%clk 0:34:26] } (20... Bf6) 21. cxd6 { [%eval 1.82] [%clk 0:32:53] } 21... Qd7 { [%eval 2.01] [%clk 0:34:43] } 22. Nc6 { [%eval 1.89] [%clk 0:27:20] } 22... Nc4 { [%eval 1.85] [%clk 0:34:46] } 23. Rxc4 { [%eval 1.83] [%clk 0:27:04] } 23... dxc4 { [%eval 1.92] [%clk 0:35:11] } 24. Qxc4 { [%eval 1.67] [%clk 0:27:30] } 24... Bf6 { [%eval 2.24] [%clk 0:34:19] } 25. Bb4 { [%eval 2.18] [%clk 0:27:49] } 25... Rfc8 { [%eval 2.13] [%clk 0:30:38] } 26. Rc1 { [%eval 2.2] [%clk 0:23:10] } 26... h6 { [%eval 2.66] [%clk 0:24:57] } 27. a4 { [%eval 2.69] [%clk 0:23:31] } 27... a6 { [%eval 2.4] [%clk 0:23:24] } 28. g3? { [%eval 0.71] } { Mistake. b6 was best. } { [%clk 0:16:55] } (28. b6 Bg5) 28... axb5 { [%eval 0.8] [%clk 0:23:13] } 29. axb5 { [%eval 0.79] [%clk 0:17:19] } 29... Kh7 { [%eval 0.89] [%clk 0:17:41] } 30. Kg2 { [%eval 0.58] [%clk 0:14:40] } 30... Qb7 { [%eval 1.03] [%clk 0:17:31] } 31. Qd3+ { [%eval 1.03] [%clk 0:14:07] } 31... g6 { [%eval 1.56] [%clk 0:17:12] } 32. d7? { [%eval 0.22] } { Mistake. h4 was best. } { [%clk 0:12:55] } (32. h4 Ra4 33. Bc3 Rxc6 34. Qf3 Rxc3 35. Qxb7 Rxc1 36. Qxf7+ Bg7 37. h5 gxh5 38. Qxe6 Rd1) 32... Rc7 { [%eval 0.32] [%clk 0:12:02] } 33. Rd1 { [%eval 0.12] [%clk 0:09:07] } 33... Rxc6 { [%eval 0.12] [%clk 0:11:29] } 34. bxc6 { [%eval 0.13] [%clk 0:09:24] } 34... Qxc6+ { [%eval 0.19] [%clk 0:09:58] } 35. Kg1 { [%eval 0.27] [%clk 0:09:43] } 35... Kg7 { [%eval 0.59] [%clk 0:02:25] } 36. h4 { [%eval 0.55] [%clk 0:05:30] } 36... h5 { [%eval 0.71] [%clk 0:01:40] } 37. Bd2 { [%eval 0.97] [%clk 0:04:03] } 37... Qd5 { [%eval 0.89] [%clk 0:01:01] } 38. Qxd5?! { [%eval 0.07] } { Inaccuracy. Qc2 was best. } { [%clk 0:02:42] } (38. Qc2) 38... exd5 { [%eval 0.12] [%clk 0:01:29] } 39. Be3 { [%eval 0.28] [%clk 0:02:59] } 39... d4 { [%eval 0.38] [%clk 0:01:17] } 40. Rxd4 { [%eval 0.66] [%clk 0:03:15] } 40... Kf8?? { [%eval 2.87] } { Blunder. Bd8 was best. } { [%clk 0:00:46] } (40... Bd8) 41. Rd6 { [%eval 2.62] [%clk 0:21:38] } 41... Be7? { [%eval 4.3] } { Mistake. Bd8 was best. } { [%clk 0:30:04] } (41... Bd8 42. Bc5 Kg7 43. Kg2 Rb8 44. Kf3 Rb5 45. Rd5 Rb3+ 46. Ke4 f6 47. Rd1 Rb7 48. Rd6) 42. Bc5 { [%eval 4.34] [%clk 0:20:19] } 42... Rd8 { [%eval 4.56] [%clk 0:22:02] } 43. Bb6 { [%eval 4.28] [%clk 0:20:31] } 43... Bxd6?! { [%eval 5.52] } { Inaccuracy. Bxh4 was best. } { [%clk 0:21:53] } (43... Bxh4 44. gxh4 Ke7 45. Bc5 f6 46. Rb6+ Kxd7 47. Rxf6 Rc8 48. Be3 Ke8 49. Kg2 Rc4 50. Kh3) 44. Bxd8 { [%eval 5.46] [%clk 0:20:55] } 44... Be7 { [%eval 5.23] [%clk 0:22:21] } 45. Bc7 { [%eval 5.06] [%clk 0:21:13] } 1-0

[Event "37th Reykjavik op"]
[Site "Reykjavik ISL"]
[Date "2024.03.18"]
[Round "6.64"]
[White "Manucharyan, Andriy"]
[Black "Omarsson, Josef"]
[WhiteElo "2080"]
[BlackElo "1803"]
[Result "1-0"]
[EventDate "2024.03.15"]
[PlyCount "143"]

1. d4 Nf6 2. c4 g6 3. Nf3 Bg7 4. g3 O-O 5. Bg2 d6 6. Nc3 Nc6 7. O-O a6 8. Qd3
Rb8 (8... Re8) 9. d5 Na7 10. a4 c6 11. e4 b5 12. Be3 bxc4 13. Qxc4 c5 14. Rab1
Rb4 15. Qd3 Ng4 16. Bd2 f5 17. h3 Nf6 18. Ng5 h6 19. Ne6 Bxe6 20. dxe6 fxe4 21.
Nxe4 Rxa4 22. Nxf6+ Rxf6 23. Bc3 Rf5 24. Be4 Rxe4 25. Qxe4 d5 26. Qa4 Qd6 27.
Ra1 Rg5 28. Kh2 Qxe6 29. Qxa6 Nc6 30. Rae1 Qd7 31. g4 d4 32. Bd2 Rd5 33. Re4 h5
34. Kg2 Re5 35. Qc4+ Kh7 36. Rfe1 Qb7 37. Qc2 c4 38. f3 Rc5 39. gxh5 d3 40.
hxg6+ Kxg6 41. Rg4+ Kf7 42. Rxg7+ Kxg7 43. Qc3+ e5 44. Re4 Nd4 45. Be3 Ne2 46.
Rg4+ Kf7 47. Qe1 Qe7 48. Bxc5 Qxc5 49. Qf2 Qc7 50. Qh4 Ke6 51. Rg6+ Kd5 {
[%csl Ge4]} 52. Qe4+ Kc5 53. Rg5 Nf4+ 54. Kh2 Kb4 55. Qe1+ c3 56. bxc3+ Qxc3
57. Rxe5 Qxe1 58. Rxe1 d2 59. Rd1 Kc3 60. Kg3 Ng6 61. f4 Kc2 62. Rh1 d1=Q 63.
Rxd1 Kxd1 64. h4 Ke2 65. f5 Nh8 66. Kf4 Kd3 67. Ke5 Ke3 68. Kf6 Kf4 69. h5 Kg4
70. h6 Kh5 71. Kg7 Kg5 72. h7 1-0